• 首页
  • 本馆介绍
  • 公告通知
  • 最新文献
  • 馆藏检索
  • 电子资源
  • 读者导购
  • 参考咨询
  • 我的图书馆
  • 登录
  • 详细信息显示
  • 放入我的书架
  • 预约/预借图书
  • 作者相关作品
  • 分类相关作品
  • 丛书相关作品
  • 出版社相关作品

书目信息

  • 表格格式
  • 工作单格式
  • 卡片格式
题名:
数据库基础教程
    
 
作者: 祝群喜 , 李飞 , 张杨 编著
分册:  
出版信息: 北京   清华大学出版社  2017.3
页数: 274页
开本: 26cm
丛书名:
单 册:
中图分类: TP311.13
科图分类:
主题词: 数据库系统--高等学校--教材
电子资源:
ISBN: 978-7-302-45885-2
000 01048nam0 2200265 450
001 0400003184
005 20171025151516.68
010    @a978-7-302-45885-2@dCNY39.00
100    @a20170619e2017 em y0chiy50 ea
101 0  @achi
102    @aCN@b110000
105    @aa z 000yy
106    @ar
200 1  @a数据库基础教程@9shu ju ku ji chu jiao cheng@f祝群喜,李飞,张杨编著
205    @a第2版
210    @a北京@c清华大学出版社@d2017.3
215    @a274页@d26cm
330    @a本书共分为两大部分,第一部分由前3章组成,主要介绍数据库技术的应用与发展、关系模型的基本概念、关系数据库的设计及数据库设计方法等内容。第二部分以Access 2013作为开发背景,主要介绍Access 2013数据库操作、表的创建和使用、查询设计、VBA基础、窗体设计、报表设计、使用宏和习题开发实例等知识。
606 0  @a数据库系统@x高等学校@j教材
690    @aTP311.13@v5
701  0 @a祝群喜@9zhu qun xi@f(1972-)@4编著
701  0 @a李飞@9li fei@c(计算机)@4编著
701  0 @a张杨@9zhang yang@c(计算机)@4编著
801  0 @aCN@b91MARC@c20171021
905    @b1022425-9@dTP311.13@f5@e1089=2
    
    数据库基础教程/祝群喜,李飞,张杨编著.-第2版.-北京:清华大学出版社,2017.3
    274页;26cm
    
    
    ISBN 978-7-302-45885-2:CNY39.00
    本书共分为两大部分,第一部分由前3章组成,主要介绍数据库技术的应用与发展、关系模型的基本概念、关系数据库的设计及数据库设计方法等内容。第二部分以Access 2013作为开发背景,主要介绍Access 2013数据库操作、表的创建和使用、查询设计、VBA基础、窗体设计、报表设计、使用宏和习题开发实例等知识。
●
相关链接 在E读中查询图书 在五车中查询图书 在当当中查询图书 在豆瓣中查询图书


正题名:数据库基础教程     索取号:TP311.13/1089=2         预约/预借

序号 登录号 条形码 馆藏地/架位号 状态 备注
1 1022425   210224256   第二样本阅览室/ [索取号:TP311.13/1089=2] 在馆    
2 1022426   210224265   密集书库—计算机科学学院/ [索取号:TP311.13/1089=2] 在馆    
3 1022427   210224274   第三借阅区/ [索取号:TP311.13/1089=2] 在馆    
4 1022428   210224283   第三借阅区/ [索取号:TP311.13/1089=2] 在馆    
5 1022429   210224292   第三借阅区/ [索取号:TP311.13/1089=2] 在馆    
唐山师范学院图书馆 欢迎您!
大连网信软件有限公司© 版权所有